00311nam a2200145Ia 45000030006000000080041000060400015000471000023000622450020000852500006001052600017001113000006001285460014001340050017001480STCL150530s9999 xx 000 0 und d aSTCLcSTCL aBalakrishnan, B.C. aBhasha Vinjanam a1 bAuthorc1962 a0 aMalayalam20220125171730.0